000
00339 a2200169 4500
001
57545
020
_a
8526241893
040
_c
Anchieta - Pituba
100
_a
Chianca, Leonardo
240
1
0
_a
Hamlet
_l
por
245
1
0
_a
Hamlet
300
_a
111
362
0
_a
2004
440
1
_a
Scipione
650
4
_a
Literatura juvenil
942
_c
BK
999
_c
57545
_d
57545